| 000 | 00672naa a2200217 a 4500 | ||
|---|---|---|---|
| 999 |
_c77 _d77 |
||
| 001 | 77 | ||
| 003 | BD-JhCC | ||
| 005 | 20171220132224.0 | ||
| 008 | 170926s2012 bg |||| |||| 001 0 ben d | ||
| 035 | _a(BD-JhCC)77 | ||
| 040 |
_aBD-JhCC _dBD-JhCC |
||
| 041 | _aben | ||
| 082 |
_a954.9205 _bRAF 2012 |
||
| 100 | _aরফিক, আহমদ | ||
| 245 |
_aবাঙালির স্বাধীনতাযুদ্ধ / _cআহমদ রফিক |
||
| 260 |
_aঢাকা : _bকালার লাইন প্রিন্টাসর্, _c2012 |
||
| 300 |
_a209 p.; _c22cm. |
||
| 650 |
_aBangladesh _xHistory of Liberation 1971 |
||
| 942 |
_2ddc _cBK |
||